00771cam a22002297a 4500003000500000005001700005008004100022010001000063011001000073035001000083040000900093082001600102100002100118245014100139260005500280300002000335490004800355650003300403650003800436650001900474830004800493CHAP20220329141637.0971013s1986 r 00010 d a71535 a72507 a82062 cCHAP a595.78bD3700aDavis, Donald R.12aA new family of Monotrysian moths form austral South America (Lepidoptera : Palaephatidae), with a phylogenetic review of the Monotrysia aWashington, D.C. :bSmithsonian Institution,c1986 a202 p.b: ilus. 0aSmithsonian contributions to zoologyv; 43414aEntomología sistemática.14aLepidópterosxAmérica Latina.14aPalaephatidae.0 aSmithsonian contributions to zoologyv; 434